[Event "Oberfranken-ch U16 0809"]
[Site "Schney"]
[Date "2009.01.05"]
[Round "7"]
[White "Hempfling, Josua"]
[Black "Wasel, Simon"]
[Result "0-1"]
[WhiteElo "982"]
[BlackElo "902"]
[PlyCount "66"]
[EventDate "2009.01.02"]
[EventType "swiss"]
[EventRounds "7"]
[EventCountry "GER"]
[SourceTitle "EXT 2012"]
[Source "ChessBase"]
[SourceDate "2011.11.24"]
[SourceVersion "1"]
[SourceVersionDate "2011.11.24"]
[SourceQuality "1"]

1. e4 e5 2. d3 Nc6 3. Nf3 Nf6 4. Be2 Be7 5. 0-0 0-0 6. Be3 d6 7. Nc3 Bg4 8. Nd2 Qd7 9. f3 Be6 10. b3 d5 11. a4 d4 12. Nd5 dxe3 13. Nxf6+ Bxf6 14. Nc4 Nd4 15. Nxe3 Bg5 16. Nc4 Nxe2+ 17. Qxe2 Bxc4 18. dxc4 Qd2 19. Qxd2 Bxd2 20. a5 Rad8 21. c5 Bc3 22. Ra2 h6 23. a6 b6 24. cxb6 cxb6 25. f4 exf4 26. Rxf4 Rd2 27. h3 Bd4+ 28. Kf1 Rc8 29. Ke1 Rdxc2 30. Rxc2 Rxc2 31. Kd1 Rxg2 32. h4 g5 33. hxg5 hxg5 0-1

[Event "Oberfranken-ch U16 0809"]
[Site "Schney"]
[Date "2009.01.04"]
[Round "6"]
[White "Dietz, Jessica"]
[Black "Hempfling, Josua"]
[Result "0-1"]
[WhiteElo "766"]
[BlackElo "982"]
[PlyCount "82"]
[EventDate "2009.01.02"]
[EventType "swiss"]
[EventRounds "7"]
[EventCountry "GER"]
[SourceTitle "EXT 2012"]
[Source "ChessBase"]
[SourceDate "2011.11.24"]
[SourceVersion "1"]
[SourceVersionDate "2011.11.24"]
[SourceQuality "1"]

1. d4 d5 2. Nc3 e6 3. e3 Nf6 4. Bb5+ c6 5. Bd3 Bd6 6. a3 0-0 7. e4 dxe4 8. Nxe4 Nxe4 9. Bxe4 f5 10. Bd3 Nd7 11. g4 Re8 12. Be3 f4 13. Bd2 e5 14. d5 e4 15. Bc4 Nb6 16. b3 cxd5 17. Bb5 Bd7 18. Bxd7 Nxd7 19. Bb4 Be5 20. Qxd5+ Kh8 21. Rd1 Nf6 22. Qxb7 Qc8 23. Qb5 Qxc2 24. Qc5 Qxc5 25. Bxc5 Bc3+ 26. Kf1 Nxg4 27. Rd7 a6 28. Bd4 Bxd4 29. Rxd4 e3 30. Rxf4 Nxf2 31. Kg2 Nxh1 32. Kxh1 e2 33. Nxe2 Rxe2 34. Rf1 h5 35. b4 Rb8 36. a4 Rxb4 37. Rf8+ Kh7 38. Rf1 Rxa4 39. Rg1 Rb4 40. Rd1 a5 41. Rb1 Rxb1# 0-1